Every Soulja Boy on the Billboard Hot 100 - Statistics

General Stats
  • This quiz has been taken 49 times
    39 since last reset
  • The average score is 4 of 10
Answer Stats
# Year Song % Correct
1 2007 Crank That (Soulja Boy)
100%
3 2009 Kiss Me Thru The Phone ft. Sammie
74%
34 2010 Pretty Boy Swag
55%
19 2009 Turn My Swag On
55%
32 2007 Soulja Girl ft. I-15
32%
48 2008 YAHHH! ft. Arab
32%
66 2008 Marco Polo (Bow Wow)
26%
51 2009 LOL :-) (Trey Songz) ft. Gucci Mane
23%
46 2010 All The Way Turnt Up (Roscoe Dash)
19%
45 2008 Swing (Savage)
16%
No matching quizzes found
Score Distribution
Percent of People with Each Score
Percentile by Number Answered
Your Score History
You have not taken this quiz since the last reset